|
|
|
|
| LEADER |
00000nam0a2200000 4500 |
| 001 |
302046 |
| 005 |
20231102001449.0 |
| 020 |
|
|
|a RU
|b 83-56671
|
| 035 |
|
|
|a (RuTPU)RU\TPU\book\327241
|
| 090 |
|
|
|a 302046
|
| 100 |
|
|
|a 20150818d1983 km y0rusy5003 ca
|
| 101 |
0 |
|
|a rus
|
| 102 |
|
|
|a UA
|
| 105 |
|
|
|a y z 001zy
|
| 200 |
1 |
|
|a Оптимизация приближенных методов решения краевых задач механики
|f С. Э. Уманский
|g Академия наук Украинской ССР (АН УССР), Институт проблем прочности (ИПП)
|
| 210 |
|
|
|a Киев
|c Наукова думка
|d 1983
|
| 215 |
|
|
|a 167 с.
|c ил.
|
| 320 |
|
|
|a Библиогр.: с. 161-165
|
| 606 |
1 |
|
|a Механика
|x Математические методы
|2 stltpush
|3 (RuTPU)RU\TPU\subj\69096
|9 84085
|
| 610 |
1 |
|
|a краевые задачи
|
| 610 |
1 |
|
|a приближенные методы
|
| 610 |
1 |
|
|a упругость
|
| 610 |
1 |
|
|a пластичность
|
| 610 |
1 |
|
|a нелинейные краевые задачи
|
| 610 |
1 |
|
|a конечные элементы
|
| 610 |
1 |
|
|a термовязкоупругость
|
| 610 |
1 |
|
|a термоползучесть
|
| 610 |
1 |
|
|a напряжение
|
| 610 |
1 |
|
|a деформация
|
| 610 |
1 |
|
|a деформируемые тела
|
| 610 |
1 |
|
|a нестационарная теплопроводность
|
| 610 |
1 |
|
|a автоматизация
|
| 610 |
1 |
|
|a конечноэлементные расчеты
|
| 610 |
1 |
|
|a задачи
|
| 610 |
1 |
|
|a решение
|
| 675 |
|
|
|a 531.01
|v 4
|
| 700 |
|
1 |
|a Уманский
|b С. Э.
|g Сергей Эммануилович
|
| 712 |
0 |
2 |
|a Академия наук Украинской ССР (АН УССР)
|b Институт проблем прочности (ИПП)
|2 stltpush
|3 (RuTPU)RU\TPU\col\12440
|
| 801 |
|
0 |
|a RU
|b RuMRKP
|c 19950704
|g psbo
|
| 801 |
|
1 |
|a RU
|b 63413507
|c 20150818
|
| 801 |
|
2 |
|a RU
|b 63413507
|c 20170809
|g RCR
|
| 942 |
|
|
|c BK
|